The moral fondation of educational research: (Record no. 6499)
[ view plain ]
| 000 -LEADER | |
|---|---|
| fixed length control field | 00669nam a22002177a 4500 |
| 003 - CONTROL NUMBER IDENTIFIER | |
| control field | OSt |
| 005 - DATE AND TIME OF LATEST TRANSACTION | |
| control field | 20200128131047.0 |
| 008 - FIXED-LENGTH DATA ELEMENTS--GENERAL INFORMATION | |
| fixed length control field | 200128b ||||| |||| 00| 0 eng d |
| 020 ## - INTERNATIONAL STANDARD BOOK NUMBER | |
| International Standard Book Number | 0335210465 |
| 040 ## - CATALOGING SOURCE | |
| Transcribing agency | 040a |
| 082 ## - DEWEY DECIMAL CLASSIFICATION NUMBER | |
| Classification number | 370.7 |
| Item number | MOR 2003 |
| 245 ## - TITLE STATEMENT | |
| Title | The moral fondation of educational research: |
| Remainder of title | knowledge, inquiry and values / |
| Statement of responsibility, etc. | Pat Sikes, Jon Nixon and Wilfred Carr |
| 260 ## - PUBLICATION, DISTRIBUTION, ETC. (IMPRINT) | |
| Place of publication, distribution, etc. | Berkshire |
| Name of publisher, distributor, etc. | Open University Press |
| Date of publication, distribution, etc. | 2003 |
| 300 ## - PHYSICAL DESCRIPTION | |
| Extent | 141p; |
| Dimensions | 16cm. |
| 504 ## - BIBLIOGRAPHY, ETC. NOTE | |
| Bibliography, etc | Includes bibliographical references and index |
| 650 ## - SUBJECT ADDED ENTRY--TOPICAL TERM | |
| Source of heading or term | Research |
| 700 ## - ADDED ENTRY--PERSONAL NAME | |
| Personal name | Sikes, Pat |
| 9 (RLIN) | 13361 |
| 700 ## - ADDED ENTRY--PERSONAL NAME | |
| Personal name | Nixon, Jon |
| 9 (RLIN) | 13362 |
| 700 ## - ADDED ENTRY--PERSONAL NAME | |
| Personal name | Carr, Wilfred |
| 9 (RLIN) | 13363 |
| 942 ## - ADDED ENTRY ELEMENTS (KOHA) | |
| Source of classification or shelving scheme | Dewey Decimal Classification |
| Koha item type | Open Shelf |
| Withdrawn status | Lost status | Source of classification or shelving scheme | Damaged status | Not for loan | Home library | Current library | Date acquired | Source of acquisition | Inventory number | Total Checkouts | Full call number | Barcode | Date last seen | Price effective from | Koha item type |
|---|---|---|---|---|---|---|---|---|---|---|---|---|---|---|---|
| Dewey Decimal Classification | MUST Main Library | MUST Main Library | 28/01/2020 | Donation | 2004/22235 | 370.7 MOR 2003 | 2020-0169 | 28/01/2020 | 28/01/2020 | Open Shelf |
